Statystyki dla Mega Quiz geograficzny (Państwa Nieuznawane)

Kliknij tutaj aby rozwiązać quiz!

Ogólne statystyki

  • Ten quiz został rozwiązany 32 razy
    (22 od ostatniego zresetowania)
  • Średni wynik to 5 z 12

Statystyki odpowiedzi

KontynentPaństwo% Poprawnych
EuropaNaddniestrze
100%
AzjaAbchazja
73%
AzjaOsetia Południowa
64%
AfrykaSomaliland
55%
AzjaCypr Północny
45%
AzjaGórski Karabach
45%
AfrykaSahara Zachodnia
45%
AzjaKurdystan
18%
Ameryka
Północna
Kajmany
9%
EuropaRepublika Doniecka
9%
EuropaRepublika Ługańska
9%
AzjaCzeczenie
0%

Rozkład punktacji

Percentyl według liczby udzielonych odpowiedzi

Procent ludzi z każdym wynikiem

Twoja historia wyników

Nie rozwiązałeś tego quizu od ostatniego zresetowania